[Event "DVM U14 2022"]
[Site "Kelheim GER"]
[Date "2022.12.28"]
[Round "4"]
[White "Blodig, Vincent"]
[Black "Haubold, Sebastian"]
[Result "1/2-1/2"]
[Termination "normal"]
[Board "3.1"]
[WhiteElo "1541"]
[BlackElo "1998"]
[WhiteClock "01:15:38"]
[BlackClock "00:10:04"]
[WhiteTeam "Schachfreunde Augsburg"]
[BlackTeam "SG Einheit Staßfurt"]
[PlyCount "105"]
[WhiteFideId "16297857"]
[BlackFideId "16259637"]
[EventCountry "GER"]
[EventRounds "7"]
[EventType "team-swiss"]
[EventDate "2022.12.26"]

1. e4 {[%clk 01:30:53]} {[%emt 00:00:07]} e5 {[%clk 01:30:51]} {[%emt
00:00:10]} 2. Nf3 {[%clk 01:31:14]} {[%emt 00:00:08]} Nc6 {[%clk 01:31:15]}
{[%emt 00:00:07]} 3. Bc4 {[%clk 01:31:38]} {[%emt 00:00:06]} Bc5 {[%clk
01:31:39]} {[%emt 00:00:06]} 4. O-O {[%clk 01:31:50]} {[%emt 00:00:17]} Nf6
{[%clk 01:32:03]} {[%emt 00:00:06]} 5. d3 {[%clk 01:32:13]} {[%emt 00:00:07]}
h6 {[%clk 01:31:47]} {[%emt 00:00:46]} 6. c3 {[%clk 01:31:49]} {[%emt
00:00:53]} d6 {[%clk 01:30:37]} {[%emt 00:01:40]} 7. b4 {[%clk 01:31:00]}
{[%emt 00:01:19]} Bb6 {[%clk 01:30:59]} {[%emt 00:00:08]} 8. a4 {[%clk
01:31:18]} {[%emt 00:00:13]} a5 {[%clk 01:22:18]} {[%emt 00:09:11]} 9. b5
{[%clk 01:28:44]} {[%emt 00:03:04]} Ne7 {[%clk 01:20:52]} {[%emt 00:01:57]} 10.
Re1 {[%clk 01:25:16]} {[%emt 00:03:57]} O-O {[%clk 01:19:24]} {[%emt 00:01:58]}
11. d4 {[%clk 01:23:33]} {[%emt 00:02:14]} exd4 {[%clk 01:16:03]} {[%emt
00:03:51]} 12. Nxd4 {[%clk 01:20:05]} {[%emt 00:03:57]} d5 {[%clk 01:07:04]}
{[%emt 00:09:30]} 13. exd5 {[%clk 01:20:13]} {[%emt 00:00:22]} Nexd5 {[%clk
01:07:19]} {[%emt 00:00:15]} 14. Ra2 {[%clk 01:16:31]} {[%emt 00:04:11]} Nxc3
{[%clk 01:03:35]} {[%emt 00:04:15]} 15. Nxc3 {[%clk 01:16:52]} {[%emt
00:00:09]} Qxd4 {[%clk 01:04:01]} {[%emt 00:00:04]} 16. Qxd4 {[%clk 01:16:54]}
{[%emt 00:00:29]} Bxd4 {[%clk 01:04:25]} {[%emt 00:00:06]} 17. Nd5 {[%clk
01:17:02]} {[%emt 00:00:22]} Nxd5 {[%clk 00:44:23]} {[%emt 00:20:32]} 18. Bxd5
{[%clk 01:17:22]} {[%emt 00:00:10]} Rd8 {[%clk 00:44:19]} {[%emt 00:00:34]} 19.
Bf3 {[%clk 01:17:25]} {[%emt 00:00:27]} Bc3 {[%clk 00:29:33]} {[%emt 00:15:17]}
20. Re7 {[%clk 01:12:39]} {[%emt 00:05:17]} Be6 {[%clk 00:29:43]} {[%emt
00:00:20]} 21. Rc2 {[%clk 01:12:39]} {[%emt 00:00:29]} Be5 {[%clk 00:29:37]}
{[%emt 00:00:36]} 22. Ba3 {[%clk 01:11:07]} {[%emt 00:02:02]} Rd3 {[%clk
00:29:10]} {[%emt 00:00:57]} 23. Bc5 {[%clk 01:10:09]} {[%emt 00:01:27]} Rad8
{[%clk 00:29:02]} {[%emt 00:00:38]} 24. Kf1 {[%clk 01:09:17]} {[%emt 00:01:22]}
b6 {[%clk 00:27:55]} {[%emt 00:01:38]} 25. Be3 {[%clk 01:09:31]} {[%emt
00:00:16]} Bd6 {[%clk 00:26:09]} {[%emt 00:02:15]} 26. Rexc7 {[%clk 01:09:32]}
{[%emt 00:00:30]} Bxc7 {[%clk 00:26:35]} {[%emt 00:00:04]} 27. Rxc7 {[%clk
01:09:54]} {[%emt 00:00:08]} Rb8 {[%clk 00:23:02]} {[%emt 00:04:02]} 28. Rc6
{[%clk 01:05:31]} {[%emt 00:04:54]} Ra3 {[%clk 00:18:59]} {[%emt 00:04:33]} 29.
Bd1 {[%clk 01:03:49]} {[%emt 00:02:11]} Bb3 {[%clk 00:16:32]} {[%emt 00:02:58]}
30. Bxb3 {[%clk 01:03:59]} {[%emt 00:00:21]} Rxb3 {[%clk 00:16:59]} {[%emt
00:00:04]} 31. Rxb6 {[%clk 01:03:26]} {[%emt 00:01:02]} Rxb6 {[%clk 00:17:25]}
{[%emt 00:00:04]} 32. Bxb6 {[%clk 01:03:48]} {[%emt 00:00:09]} Rb4 {[%clk
00:17:37]} {[%emt 00:00:18]} 33. Bxa5 {[%clk 01:03:46]} {[%emt 00:00:32]} Rxa4
{[%clk 00:18:02]} {[%emt 00:00:04]} 34. Bc7 {[%clk 01:03:56]} {[%emt 00:00:19]}
Rb4 {[%clk 00:18:15]} {[%emt 00:00:17]} 35. b6 {[%clk 01:04:03]} {[%emt
00:00:23]} Rb2 {[%clk 00:18:43]} {[%emt 00:00:02]} 36. g4 {[%clk 01:03:30]}
{[%emt 00:01:04]} Kf8 {[%clk 00:18:35]} {[%emt 00:00:39]} 37. Kg2 {[%clk
01:03:31]} {[%emt 00:00:27]} Rb5 {[%clk 00:13:11]} {[%emt 00:05:53]} 38. h4
{[%clk 01:00:39]} {[%emt 00:03:24]} Ke7 {[%clk 00:12:49]} {[%emt 00:00:51]} 39.
h5 {[%clk 01:00:15]} {[%emt 00:00:55]} Rb3 {[%clk 00:07:03]} {[%emt 00:06:16]}
40. f3 {[%clk 01:00:22]} {[%emt 00:00:23]} Ke6 {[%clk 00:05:48]} {[%emt
00:01:45]} 41. Kg3 {[%clk 01:00:12]} {[%emt 00:00:39]} f6 {[%clk 00:05:17]}
{[%emt 00:01:01]} 42. Kh4 {[%clk 00:59:14]} {[%emt 00:01:28]} Kd5 {[%clk
00:03:40]} {[%emt 00:02:07]} 43. Kg3 {[%clk 00:57:51]} {[%emt 00:01:53]} Rb4
{[%clk 00:23:38]} {[%emt 00:10:31]} 44. Bd8 {[%clk 01:26:52]} {[%emt 00:01:29]}
Ke6 {[%clk 00:21:51]} {[%emt 00:02:17]} 45. Bc7 {[%clk 01:23:59]} {[%emt
00:03:23]} Kd7 {[%clk 00:20:31]} {[%emt 00:01:51]} 46. Kh4 {[%clk 01:19:43]}
{[%emt 00:04:46]} Rb5 {[%clk 00:14:48]} {[%emt 00:06:13]} 47. Kg3 {[%clk
01:19:50]} {[%emt 00:00:24]} Ke6 {[%clk 00:14:07]} {[%emt 00:01:11]} 48. Kf4
{[%clk 01:19:19]} {[%emt 00:01:01]} Rb4 {[%clk 00:13:11]} {[%emt 00:01:26]} 49.
Kg3 {[%clk 01:19:38]} {[%emt 00:00:11]} f5 {[%clk 00:13:14]} {[%emt 00:00:27]}
50. Kh4 {[%clk 01:19:35]} {[%emt 00:00:32]} fxg4 {[%clk 00:13:08]} {[%emt
00:00:37]} 51. fxg4 {[%clk 01:19:39]} {[%emt 00:00:24]} Kd5 {[%clk 00:13:05]}
{[%emt 00:00:35]} 52. Kg3 {[%clk 01:16:47]} {[%emt 00:03:21]} Ke6 {[%clk
00:10:04]} {[%emt 00:03:31]} 53. Kf3 {[%clk 01:15:38]} {[%emt 00:01:39]}
1/2-1/2

[Event "DVM U14 2022"]
[Site "Kelheim GER"]
[Date "2022.12.28"]
[Round "4"]
[White "Haubold, Christian"]
[Black "Rempel, Alexander"]
[Result "1-0"]
[Termination "normal"]
[Board "3.2"]
[WhiteElo "1981"]
[BlackElo "1393"]
[WhiteClock "00:27:18"]
[BlackClock "00:37:54"]
[WhiteTeam "SG Einheit Staßfurt"]
[BlackTeam "Schachfreunde Augsburg"]
[PlyCount "57"]
[WhiteFideId "16259629"]
[BlackFideId "34618600"]
[EventCountry "GER"]
[EventRounds "7"]
[EventType "team-swiss"]
[EventDate "2022.12.26"]

1. e4 {[%clk 01:30:57]} {[%emt 00:00:03]} c5 {[%clk 01:30:57]} {[%emt
00:00:03]} 2. Nf3 {[%clk 01:31:21]} {[%emt 00:00:07]} e6 {[%clk 01:31:22]}
{[%emt 00:00:06]} 3. d4 {[%clk 01:31:43]} {[%emt 00:00:07]} cxd4 {[%clk
01:31:48]} {[%emt 00:00:03]} 4. Nxd4 {[%clk 01:32:03]} {[%emt 00:00:11]} Nf6
{[%clk 01:32:12]} {[%emt 00:00:05]} 5. Bd3 {[%clk 01:31:16]} {[%emt 00:01:17]}
Be7 {[%clk 01:27:17]} {[%emt 00:05:25]} 6. Nc3 {[%clk 01:30:12]} {[%emt
00:01:34]} O-O {[%clk 01:23:55]} {[%emt 00:03:51]} 7. O-O {[%clk 01:27:50]}
{[%emt 00:02:53]} d5 {[%clk 01:23:56]} {[%emt 00:00:30]} 8. exd5 {[%clk
01:24:56]} {[%emt 00:03:24]} Nxd5 {[%clk 01:24:08]} {[%emt 00:00:17]} 9. Nxd5
{[%clk 01:24:15]} {[%emt 00:01:12]} Qxd5 {[%clk 01:24:13]} {[%emt 00:00:25]}
10. c4 {[%clk 01:24:11]} {[%emt 00:00:34]} Qd8 {[%clk 01:22:21]} {[%emt
00:02:21]} 11. Bf4 {[%clk 01:18:07]} {[%emt 00:06:33]} a6 {[%clk 01:09:12]}
{[%emt 00:13:41]} 12. Bc2 {[%clk 01:08:43]} {[%emt 00:09:54]} Nd7 {[%clk
01:07:08]} {[%emt 00:02:33]} 13. Qd3 {[%clk 01:07:45]} {[%emt 00:01:28]} g6
{[%clk 01:05:13]} {[%emt 00:02:26]} 14. Bh6 {[%clk 00:59:41]} {[%emt 00:08:33]}
Re8 {[%clk 01:04:07]} {[%emt 00:01:36]} 15. Rfd1 {[%clk 00:57:30]} {[%emt
00:02:41]} Bg5 {[%clk 00:55:32]} {[%emt 00:09:05]} 16. Qh3 {[%clk 00:52:59]}
{[%emt 00:05:01]} Bxh6 {[%clk 00:54:02]} {[%emt 00:02:00]} 17. Qxh6 {[%clk
00:53:21]} {[%emt 00:00:07]} Qf6 {[%clk 00:53:57]} {[%emt 00:00:36]} 18. Ba4
{[%clk 00:51:56]} {[%emt 00:01:56]} Re7 {[%clk 00:50:43]} {[%emt 00:03:43]} 19.
Nf3 {[%clk 00:40:57]} {[%emt 00:11:29]} Qxb2 {[%clk 00:45:37]} {[%emt
00:05:36]} 20. Ng5 {[%clk 00:38:09]} {[%emt 00:03:18]} Qg7 {[%clk 00:44:54]}
{[%emt 00:01:13]} 21. Qh4 {[%clk 00:38:02]} {[%emt 00:00:37]} Nf8 {[%clk
00:43:04]} {[%emt 00:02:20]} 22. Nxh7 {[%clk 00:36:49]} {[%emt 00:01:43]} g5
{[%clk 00:41:54]} {[%emt 00:01:41]} 23. Nxg5 {[%clk 00:35:51]} {[%emt
00:01:28]} e5 {[%clk 00:41:27]} {[%emt 00:00:56]} 24. Rd8 {[%clk 00:33:07]}
{[%emt 00:03:14]} f6 {[%clk 00:38:26]} {[%emt 00:03:31]} 25. Ne4 {[%clk
00:32:10]} {[%emt 00:01:27]} Re6 {[%clk 00:38:12]} {[%emt 00:00:43]} 26. c5
{[%clk 00:27:23]} {[%emt 00:05:18]} Kf7 {[%clk 00:37:37]} {[%emt 00:01:05]} 27.
Nd6 {[%clk 00:27:06]} {[%emt 00:00:46]} Rxd6 {[%clk 00:37:39]} {[%emt
00:00:27]} 28. cxd6 {[%clk 00:27:15]} {[%emt 00:00:23]} Bh3 {[%clk 00:37:54]}
{[%emt 00:00:15]} 29. Bb3 {[%clk 00:27:18]} {[%emt 00:00:28]} 1-0

[Event "DVM U14 2022"]
[Site "Kelheim GER"]
[Date "2022.12.28"]
[Round "4"]
[White "Steinberger, Michael"]
[Black "Kuhlmann, Nils Magnus"]
[Result "1-0"]
[Termination "normal"]
[Board "3.3"]
[WhiteElo "1610"]
[BlackElo "1560"]
[WhiteClock "00:28:34"]
[BlackClock "00:48:51"]
[WhiteTeam "Schachfreunde Augsburg"]
[BlackTeam "SG Einheit Staßfurt"]
[PlyCount "108"]
[WhiteFideId "34622373"]
[BlackFideId "16287177"]
[EventCountry "GER"]
[EventRounds "7"]
[EventType "team-swiss"]
[EventDate "2022.12.26"]

1. e4 {[%clk 01:30:58]} {[%emt 00:00:01]} c6 {[%clk 01:30:54]} {[%emt
00:00:06]} 2. Nf3 {[%clk 01:31:23]} {[%emt 00:00:05]} d5 {[%clk 01:31:17]}
{[%emt 00:00:07]} 3. d3 {[%clk 01:31:49]} {[%emt 00:00:04]} dxe4 {[%clk
01:30:40]} {[%emt 00:01:07]} 4. dxe4 {[%clk 01:32:05]} {[%emt 00:00:14]} Qxd1
{[%clk 01:31:06]} {[%emt 00:00:04]} 5. Kxd1 {[%clk 01:32:30]} {[%emt 00:00:04]}
Bg4 {[%emt 00:00:20]} 6. Be2 {[%clk 01:32:54]} {[%emt 00:00:05]} e6 {[%clk
01:31:35]} {[%emt 00:00:12]} 7. Ne1 {[%clk 01:33:17]} {[%emt 00:00:07]} Bxe2
{[%clk 01:30:41]} {[%emt 00:01:24]} 8. Kxe2 {[%clk 01:33:42]} {[%emt 00:00:06]}
Nd7 {[%clk 01:30:43]} {[%emt 00:00:28]} 9. Be3 {[%clk 01:32:55]} {[%emt
00:01:16]} O-O-O {[%clk 01:28:56]} {[%emt 00:02:17]} 10. Nd3 {[%clk 01:31:37]}
{[%emt 00:01:49]} b6 {[%clk 01:27:44]} {[%emt 00:01:42]} 11. c4 {[%clk
01:26:41]} {[%emt 00:05:25]} Be7 {[%clk 01:23:54]} {[%emt 00:04:20]} 12. Nd2
{[%clk 01:23:14]} {[%emt 00:03:57]} Bf6 {[%clk 01:17:28]} {[%emt 00:06:56]} 13.
Rab1 {[%clk 01:21:45]} {[%emt 00:01:59]} Ne5 {[%clk 01:15:34]} {[%emt
00:02:24]} 14. Nxe5 {[%clk 01:21:36]} {[%emt 00:00:39]} Bxe5 {[%clk 01:15:57]}
{[%emt 00:00:07]} 15. b4 {[%clk 01:20:24]} {[%emt 00:01:43]} Nf6 {[%clk
01:13:56]} {[%emt 00:02:30]} 16. f3 {[%clk 01:18:51]} {[%emt 00:02:03]} Nh5
{[%clk 01:12:16]} {[%emt 00:02:10]} 17. Nb3 {[%clk 01:01:48]} {[%emt 00:17:33]}
Rd7 {[%clk 01:06:38]} {[%emt 00:06:08]} 18. a4 {[%clk 00:53:47]} {[%emt
00:08:32]} Rhd8 {[%clk 00:52:56]} {[%emt 00:14:11]} 19. c5 {[%clk 00:36:27]}
{[%emt 00:17:50]} Bf4 {[%clk 00:50:49]} {[%emt 00:02:38]} 20. cxb6 {[%clk
00:30:35]} {[%emt 00:06:22]} Bxe3 {[%clk 00:49:35]} {[%emt 00:01:42]} 21. Kxe3
{[%clk 00:27:54]} {[%emt 00:03:12]} axb6 {[%clk 00:45:57]} {[%emt 00:04:08]}
22. Rhc1 {[%clk 00:24:26]} {[%emt 00:03:58]} Kb7 {[%clk 00:43:50]} {[%emt
00:02:37]} 23. Rc3 {[%clk 00:22:43]} {[%emt 00:02:14]} e5 {[%clk 00:35:49]}
{[%emt 00:08:31]} 24. g3 {[%clk 00:12:38]} {[%emt 00:10:34]} g6 {[%clk
00:33:10]} {[%emt 00:03:10]} 25. Rbc1 {[%clk 00:09:54]} {[%emt 00:03:15]} Rd6
{[%clk 00:30:55]} {[%emt 00:02:44]} 26. a5 {[%clk 00:08:40]} {[%emt 00:01:44]}
Ng7 {[%clk 00:27:34]} {[%emt 00:03:51]} 27. axb6 {[%clk 00:08:25]} {[%emt
00:00:44]} Kxb6 {[%clk 00:27:32]} {[%emt 00:00:33]} 28. Na5 {[%clk 00:08:37]}
{[%emt 00:00:18]} Re6 {[%clk 00:19:58]} {[%emt 00:08:04]} 29. Rxc6 {[%clk
00:06:35]} {[%emt 00:02:32]} Rxc6 {[%clk 00:20:20]} {[%emt 00:00:08]} 30. Rxc6
{[%clk 00:06:53]} {[%emt 00:00:12]} Kb5 {[%clk 00:20:43]} {[%emt 00:00:07]} 31.
Rc7 {[%clk 00:06:56]} {[%emt 00:00:25]} Rf8 {[%clk 00:20:12]} {[%emt 00:01:03]}
32. Rc5 {[%clk 00:05:41]} {[%emt 00:01:26]} Kxb4 {[%clk 00:20:13]} {[%emt
00:00:48]} 33. Rxe5 {[%clk 00:06:05]} {[%emt 00:00:05]} Rc8 {[%clk 00:18:49]}
{[%emt 00:01:55]} 34. Nb7 {[%clk 00:04:52]} {[%emt 00:01:42]} Rc3 {[%clk
00:19:04]} {[%emt 00:00:17]} 35. Kf2 {[%clk 00:04:42]} {[%emt 00:00:39]} Rc2
{[%clk 00:18:49]} {[%emt 00:00:45]} 36. Kg1 {[%clk 00:05:00]} {[%emt 00:00:11]}
Ne6 {[%clk 00:18:42]} {[%emt 00:00:38]} 37. Rd5 {[%clk 00:04:21]} {[%emt
00:01:08]} h6 {[%clk 00:18:21]} {[%emt 00:00:52]} 38. Nd6 {[%clk 00:04:18]}
{[%emt 00:00:33]} Ng5 {[%clk 00:15:50]} {[%emt 00:03:00]} 39. Rxg5 {[%clk
00:03:44]} {[%emt 00:01:05]} hxg5 {[%clk 00:16:07]} {[%emt 00:00:13]} 40. Nxf7
{[%clk 00:04:08]} {[%emt 00:00:06]} Rc1 {[%clk 00:16:06]} {[%emt 00:00:31]} 41.
Kg2 {[%clk 00:04:26]} {[%emt 00:00:09]} Rc2 {[%clk 00:16:32]} {[%emt 00:00:07]}
42. Kh3 {[%clk 00:04:45]} {[%emt 00:00:11]} g4 {[%clk 00:16:34]} {[%emt
00:00:28]} 43. Kxg4 {[%clk 00:04:09]} {[%emt 00:01:06]} Rxh2 {[%clk 00:17:01]}
{[%emt 00:00:04]} 44. Ne5 {[%clk 00:04:18]} {[%emt 00:00:17]} Rh6 {[%clk
00:17:18]} {[%emt 00:00:16]} 45. Kg5 {[%clk 00:02:51]} {[%emt 00:01:54]} Rh5
{[%clk 00:17:44]} {[%emt 00:00:07]} 46. Kf4 {[%clk 00:30:10]} {[%emt 00:03:08]}
Rh6 {[%clk 00:47:20]} {[%emt 00:00:57]} 47. g4 {[%clk 00:29:47]} {[%emt
00:00:53]} Kc5 {[%clk 00:47:37]} {[%emt 00:00:13]} 48. Kg5 {[%emt 00:01:04]}
Rh3 {[%clk 00:47:51]} 49. Kxg6 {[%clk 00:29:32]} {[%emt 00:00:26]} Kd6 {[%clk
00:47:53]} {[%emt 00:00:29]} 50. Nf7 {[%clk 00:29:06]} {[%emt 00:00:54]} Ke7
{[%clk 00:48:18]} {[%emt 00:00:07]} 51. f4 {[%clk 00:28:58]} {[%emt 00:00:37]}
Re3 {[%clk 00:48:04]} {[%emt 00:00:45]} 52. e5 {[%clk 00:27:45]} {[%emt
00:01:43]} Re4 {[%clk 00:48:24]} {[%emt 00:00:10]} 53. Kf5 {[%clk 00:28:10]}
{[%emt 00:00:05]} Rxf4 {[%clk 00:48:24]} {[%emt 00:00:31]} 54. Kxf4 {[%clk
00:28:34]} {[%emt 00:00:06]} Kxf7 {[%clk 00:48:51]} {[%emt 00:00:02]} 1-0

[Event "DVM U14 2022"]
[Site "Kelheim GER"]
[Date "2022.12.28"]
[Round "4"]
[White "Schambier, Leon Elias"]
[Black "Yetim, Orhan"]
[Result "1-0"]
[Termination "normal"]
[Board "3.4"]
[WhiteElo "1306"]
[BlackElo "1404"]
[WhiteClock "00:01:01"]
[BlackClock "00:24:03"]
[WhiteTeam "SG Einheit Staßfurt"]
[BlackTeam "Schachfreunde Augsburg"]
[PlyCount "73"]
[WhiteFideId "34608184"]
[BlackFideId "34640371"]
[EventCountry "GER"]
[EventRounds "7"]
[EventType "team-swiss"]
[EventDate "2022.12.26"]

1. c4 {[%clk 01:30:57]} {[%emt 00:00:02]} e5 {[%clk 01:30:19]} {[%emt
00:00:41]} 2. Nc3 {[%clk 01:30:51]} {[%emt 00:00:36]} Nf6 {[%clk 01:30:10]}
{[%emt 00:00:39]} 3. g3 {[%clk 01:30:59]} {[%emt 00:00:23]} d5 {[%clk
01:30:15]} {[%emt 00:00:23]} 4. cxd5 {[%clk 01:29:57]} {[%emt 00:01:33]} Nxd5
{[%clk 01:30:07]} {[%emt 00:00:37]} 5. Bg2 {[%clk 01:28:21]} {[%emt 00:02:08]}
Be6 {[%clk 01:30:16]} {[%emt 00:00:20]} 6. e3 {[%clk 01:23:53]} {[%emt
00:04:58]} c6 {[%clk 01:26:49]} {[%emt 00:03:58]} 7. Nge2 {[%clk 01:22:44]}
{[%emt 00:01:39]} Be7 {[%clk 01:25:09]} {[%emt 00:02:10]} 8. O-O {[%clk
01:15:42]} {[%emt 00:07:32]} O-O {[%clk 01:25:23]} {[%emt 00:00:16]} 9. d3
{[%clk 01:03:27]} {[%emt 00:12:44]} Nd7 {[%clk 01:20:06]} {[%emt 00:05:47]} 10.
e4 {[%clk 01:01:21]} {[%emt 00:02:37]} N5b6 {[%clk 01:17:21]} {[%emt 00:03:14]}
11. Be3 {[%clk 00:57:30]} {[%emt 00:04:20]} Nf6 {[%clk 01:16:25]} {[%emt
00:01:27]} 12. h3 {[%clk 00:52:51]} {[%emt 00:05:10]} Qd7 {[%clk 01:06:08]}
{[%emt 00:10:45]} 13. Kh2 {[%clk 00:53:06]} {[%emt 00:00:15]} c5 {[%clk
01:01:27]} {[%emt 00:05:12]} 14. Qc2 {[%clk 00:44:47]} {[%emt 00:08:49]} h6
{[%clk 00:56:03]} {[%emt 00:05:55]} 15. Rad1 {[%clk 00:39:41]} {[%emt
00:05:34]} Nh7 {[%clk 00:54:55]} {[%emt 00:01:38]} 16. f4 {[%clk 00:38:31]}
{[%emt 00:01:41]} Qc7 {[%clk 00:49:33]} {[%emt 00:05:52]} 17. f5 {[%clk
00:31:12]} {[%emt 00:07:49]} Bd7 {[%clk 00:49:18]} {[%emt 00:00:45]} 18. Ng1
{[%clk 00:26:07]} {[%emt 00:05:35]} g6 {[%clk 00:48:13]} {[%emt 00:01:35]} 19.
g4 {[%clk 00:25:05]} {[%emt 00:01:32]} g5 {[%clk 00:47:34]} {[%emt 00:01:09]}
20. a4 {[%clk 00:22:39]} {[%emt 00:02:55]} a5 {[%clk 00:46:28]} {[%emt
00:01:36]} 21. Nf3 {[%clk 00:20:39]} {[%emt 00:02:31]} Bc6 {[%clk 00:40:15]}
{[%emt 00:06:42]} 22. Bf2 {[%clk 00:15:25]} {[%emt 00:05:44]} f6 {[%clk
00:39:20]} {[%emt 00:01:26]} 23. Bg3 {[%clk 00:14:17]} {[%emt 00:01:37]} Rad8
{[%clk 00:38:00]} {[%emt 00:01:50]} 24. d4 {[%clk 00:13:36]} {[%emt 00:01:12]}
cxd4 {[%clk 00:37:30]} {[%emt 00:00:56]} 25. Nxd4 {[%clk 00:13:52]} {[%emt
00:00:18]} Bd7 {[%clk 00:35:43]} {[%emt 00:02:17]} 26. Qb3 {[%clk 00:09:51]}
{[%emt 00:04:30]} Kh8 {[%clk 00:34:57]} {[%emt 00:01:17]} 27. Rc1 {[%clk
00:08:22]} {[%emt 00:02:00]} Nc8 {[%clk 00:33:26]} {[%emt 00:02:00]} 28. Nd5
{[%clk 00:04:33]} {[%emt 00:04:18]} Qb8 {[%clk 00:33:27]} {[%emt 00:00:30]} 29.
Nb5 {[%clk 00:03:59]} {[%emt 00:01:05]} Bc6 {[%clk 00:31:29]} {[%emt 00:02:27]}
30. Ndc7 {[%clk 00:02:43]} {[%emt 00:01:46]} Rd2 {[%clk 00:26:37]} {[%emt
00:05:22]} 31. Rfd1 {[%clk 00:00:51]} {[%emt 00:02:22]} Rxd1 {[%clk 00:26:35]}
{[%emt 00:00:30]} 32. Rxd1 {[%clk 00:01:04]} {[%emt 00:00:19]} Bxb5 {[%clk
00:26:28]} {[%emt 00:00:36]} 33. Nxb5 {[%clk 00:01:24]} {[%emt 00:00:11]} Na7
{[%clk 00:25:32]} {[%emt 00:01:26]} 34. Nxa7 {[%emt 00:01:16]} Qxa7 {[%clk
00:25:42]} {[%emt 00:00:16]} 35. Rd7 {[%clk 00:00:47]} {[%emt 00:00:22]} Bb4
{[%clk 00:24:03]} {[%emt 00:02:12]} 36. Qd5 {[%clk 00:00:51]} {[%emt 00:00:26]}
Qe3 {[%emt 00:03:32]} 37. Qxb7 {[%clk 00:01:01]} 1-0

[Event "DVM U14 2022"]
[Site "Kelheim GER"]
[Date "2022.12.28"]
[Round "4"]
[White "Korchynskyi, Mykola"]
[Black "Krüger, Arthur"]
[Result "1-0"]
[Termination "normal"]
[Board "4.1"]
[WhiteElo "1861"]
[BlackElo "1953"]
[WhiteClock "00:36:51"]
[BlackClock "00:06:33"]
[WhiteTeam "Schachfreunde Essen-Katernberg 04/32 e. V."]
[BlackTeam "Hamburger SK von 1830 eV"]
[PlyCount "59"]
[WhiteFideId "34138005"]
[BlackFideId "16244966"]
[EventCountry "GER"]
[EventRounds "7"]
[EventType "team-swiss"]
[EventDate "2022.12.26"]

1. d4 {[%clk 01:30:58]} {[%emt 00:00:01]} d5 {[%clk 01:30:28]} {[%emt
00:00:32]} 2. c4 {[%clk 01:31:22]} {[%emt 00:00:07]} dxc4 {[%clk 01:30:57]}
{[%emt 00:00:01]} 3. e3 {[%clk 01:31:41]} {[%emt 00:00:10]} Nf6 {[%clk
01:31:21]} {[%emt 00:00:05]} 4. Bxc4 {[%clk 01:32:01]} {[%emt 00:00:10]} e6
{[%clk 01:31:37]} {[%emt 00:00:14]} 5. Nf3 {[%clk 01:32:08]} {[%emt 00:00:23]}
c5 {[%clk 01:31:50]} {[%emt 00:00:18]} 6. O-O {[%clk 01:31:11]} {[%emt
00:01:27]} Nc6 {[%clk 01:31:48]} {[%emt 00:00:30]} 7. Nc3 {[%clk 01:31:05]}
{[%emt 00:00:38]} a6 {[%clk 01:27:19]} {[%emt 00:04:59]} 8. a4 {[%clk
01:30:53]} {[%emt 00:00:41]} Bd7 {[%clk 01:23:48]} {[%emt 00:04:02]} 9. Qe2
{[%clk 01:24:27]} {[%emt 00:06:57]} Be7 {[%clk 01:20:33]} {[%emt 00:03:43]} 10.
dxc5 {[%clk 01:19:23]} {[%emt 00:05:35]} Bxc5 {[%clk 01:20:31]} {[%emt
00:00:32]} 11. Rd1 {[%clk 01:15:16]} {[%emt 00:04:36]} Qb6 {[%clk 01:14:49]}
{[%emt 00:06:12]} 12. h3 {[%clk 01:10:28]} {[%emt 00:05:18]} O-O-O {[%clk
01:09:00]} {[%emt 00:06:18]} 13. Bd2 {[%clk 01:04:53]} {[%emt 00:06:05]} h6
{[%clk 00:57:40]} {[%emt 00:11:50]} 14. a5 {[%clk 01:00:03]} {[%emt 00:05:20]}
Qc7 {[%clk 00:36:26]} {[%emt 00:21:44]} 15. Na4 {[%clk 00:58:27]} {[%emt
00:02:06]} Ba7 {[%clk 00:32:40]} {[%emt 00:04:16]} 16. b4 {[%clk 00:58:04]}
{[%emt 00:00:53]} Kb8 {[%clk 00:30:50]} {[%emt 00:02:20]} 17. Rdc1 {[%clk
00:53:40]} {[%emt 00:04:55]} Ne4 {[%clk 00:27:45]} {[%emt 00:03:35]} 18. Be1
{[%clk 00:52:10]} {[%emt 00:01:59]} Nd6 {[%clk 00:27:16]} {[%emt 00:01:00]} 19.
Bd3 {[%clk 00:49:31]} {[%emt 00:03:09]} f6 {[%clk 00:22:03]} {[%emt 00:05:43]}
20. Rab1 {[%clk 00:41:53]} {[%emt 00:08:08]} Rc8 {[%clk 00:17:16]} {[%emt
00:05:17]} 21. Nc5 {[%clk 00:39:19]} {[%emt 00:03:03]} Ka8 {[%clk 00:14:18]}
{[%emt 00:03:28]} 22. Nxa6 {[%clk 00:38:16]} {[%emt 00:01:33]} bxa6 {[%clk
00:14:36]} {[%emt 00:00:11]} 23. Bxa6 {[%clk 00:38:44]} {[%emt 00:00:02]} Nd4
{[%clk 00:13:16]} {[%emt 00:01:50]} 24. exd4 {[%clk 00:37:42]} {[%emt
00:01:32]} Qxc1 {[%clk 00:13:33]} {[%emt 00:00:13]} 25. Rxc1 {[%clk 00:38:11]}
Rxc1 {[%clk 00:14:02]} {[%emt 00:00:02]} 26. b5 {[%clk 00:37:38]} {[%emt
00:01:03]} g5 {[%clk 00:07:44]} {[%emt 00:06:47]} 27. Qd2 {[%clk 00:37:19]}
{[%emt 00:00:49]} Ra1 {[%emt 00:02:05]} 28. Qc3 {[%clk 00:37:10]} Rxe1 {[%clk
00:06:23]} {[%emt 00:00:56]} 29. Nxe1 {[%clk 00:36:31]} {[%emt 00:01:09]} Nxb5
{[%clk 00:06:33]} {[%emt 00:00:20]} 30. Qf3 {[%clk 00:36:51]} {[%emt 00:00:10]}
1-0